Twarzą w twarz - państwa #2 - Statystyki

Ogólne statystyki
  • Ten quiz został rozwiązany 12 750 razy
    12 311 od ostatniego zresetowania
  • Średni wynik to 12 z 15
Statystyki odpowiedzi
Zagadnienie Odpowiedź % Poprawnych
Które państwo znajduje się na Karaibach?
93%
Które państwo ma mniejszą powierzchnię?
93%
Które państwo jest częścią NATO (Organizacji Traktatu Północnoatlantyckiego)?
91%
Nazwa mieszkańców którego państwa kończy się na -rzy?
87%
Które państwo ma dłuższe całkowite granice lądowe?
86%
Które państwo jest geograficznie bliżej Indii?
83%
W którym państwie obecnie rządzi starszy prezydent?
81%
Które państwo jest mniej zaludnione?
81%
Które państwo nie ma dostępu do morza?
80%
Które państwo jest bardziej wysunięte na południe?
79%
Które państwo nigdy nie było gospodarzem jakichkolwiek igrzysk olimpijskich?
76%
Które państwo ma wyższą średnią roczną temperature?
74%
Które państwo ma wyższe PKB na mieszkańca? (PPP)
70%
Które państwo jest bardziej zaludnione?
64%
Które państwo posiada więcej granic międzynarodowych?
63%
Nie znaleziono quizów pasujących do podanych kryteriów
Rozkład punktacji
Procent ludzi z każdym wynikiem
Percentyl według liczby udzielonych odpowiedzi
Twoja historia wyników
Nie rozwiązałeś tego quizu od ostatniego zresetowania